Civilisation en dialogues / : Niveau débutant
Uložené v:
| Hlavný autor: | |
|---|---|
| Médium: | Zvuková nahrávka |
| Jazyk: | French |
| Vydané: |
Paris :
CLE International,
2007.
|
| Fyzický popis: |
1 audio CD ; 12 cm. |
| Tagy: |
Pridať tag
Žiadne tagy, Buďte prvý kto otaguje tento záznam!
|
Titul je dostupný aj v ... 

MARC
| LEADER | 00000nim a2200000 a 4500 | ||
|---|---|---|---|
| 001 | 000433859 | ||
| 003 | SVKKK | ||
| 005 | 20130906094819.0 | ||
| 008 | 130722s2007 fr fre d | ||
| 028 | 0 | 1 | |a 0353214 |b CLE International |
| 040 | |a SVKKK |b slo |c SVKKK |e AACR2 | ||
| 041 | 0 | |a fre | |
| 044 | |a fr |c FR | ||
| 080 | |a 811.133.1 |2 2001 | ||
| 100 | 1 | |a Grand-Clément, Odile | |
| 245 | 1 | 0 | |a Civilisation en dialogues / : |b Niveau débutant |h zvukový záznam |c Odile Grand-Clément. |
| 260 | |a Paris : |b CLE International, |c 2007. | ||
| 300 | |a 1 audio CD ; |c 12 cm. | ||
| 500 | |a Pistes 1 - 26 | ||
| 910 | |a svkkk | ||
| 998 | |a AM | ||
| 090 | |g SCKUS |k Americké centrum |a CDK.4772 |j 5922 |i 2720268903 |s Médiá US, BC | ||
| 924 | |a AVM | ||